School-Teacher: a sociological study (Record no. 3209)

MARC details
000 -LEADER
fixed length control field 00583nam a22002177a 4500
003 - CONTROL NUMBER IDENTIFIER
control field OSt
005 - DATE AND TIME OF LATEST TRANSACTION
control field 20160309143619.0
008 - FIXED-LENGTH DATA ELEMENTS--GENERAL INFORMATION
fixed length control field 160309b xxu||||| |||| 00| 0 eng d
020 ## - INTERNATIONAL STANDARD BOOK NUMBER
International Standard Book Number 9780226493534
040 ## - CATALOGING SOURCE
Transcribing agency DDC
082 ## - DEWEY DECIMAL CLASSIFICATION NUMBER
Classification number 371.1 LOR 2002
100 ## - MAIN ENTRY--PERSONAL NAME
Personal name Lortie, Dan C.
9 (RLIN) 7185
245 ## - TITLE STATEMENT
Title School-Teacher: a sociological study
250 ## - EDITION STATEMENT
Edition statement 2nd ed.
260 ## - PUBLICATION, DISTRIBUTION, ETC. (IMPRINT)
Place of publication, distribution, etc. The University of Chicago Press, 2002
300 ## - PHYSICAL DESCRIPTION
Extent xxii,284p; ill: 22cm
504 ## - BIBLIOGRAPHY, ETC. NOTE
Bibliography, etc Notes, References, & index included
650 ## - SUBJECT ADDED ENTRY--TOPICAL TERM
Topical term or geographic name as entry element Learning
9 (RLIN) 7186
650 ## - SUBJECT ADDED ENTRY--TOPICAL TERM
Topical term or geographic name as entry element Sociolization
9 (RLIN) 7187
942 ## - ADDED ENTRY ELEMENTS (KOHA)
Source of classification or shelving scheme Other/Generic Classification Scheme
Koha item type Open Shelf
Holdings
Withdrawn status Lost status Source of classification or shelving scheme Damaged status Not for loan Home library Current library Date acquired Source of acquisition Inventory number Total Checkouts Full call number Barcode Date last seen Koha item type Price effective from
    Dewey Decimal Classification     MUST Main Library MUST Main Library 09/03/2016   15/39240   371.1 LOR 2002 2016-0389 09/03/2016 Open Shelf  
    Dewey Decimal Classification     MUST Main Library MUST Main Library 22/09/2016   15/39241   371.1 LOR 2002 2016-4504 22/09/2016 Open Shelf  
    Dewey Decimal Classification     MUST Main Library MUST Main Library 22/09/2016   04/21646   371.1 LOR 2002 2016-4505 22/09/2016 Open Shelf  
    Dewey Decimal Classification     MUST Main Library MUST Main Library 03/02/2020 Donation 2005/23536   371.1 LOR 2002 2020-0278 03/02/2020 Open Shelf 03/02/2020
    Dewey Decimal Classification     MUST Main Library MUST Main Library 10/02/2020 Purchase 2011/33553   371.1 LOR 2002 2020-0441 10/02/2020 Open Shelf 10/02/2020
    Dewey Decimal Classification     MUST Main Library MUST Main Library 26/06/2024 Purchase 04/21647   371.1 LOR 2002 2024-21362 26/06/2024 Open Shelf 26/06/2024
    Other/Generic Classification Scheme     MUST Main Library MUST Main Library 26/06/2024 Purchase 05/23535   371.1 LOR 2002 2024-21363 26/06/2024 Open Shelf 26/06/2024
    Dewey Decimal Classification     MUST Main Library MUST Main Library 26/06/2024 Purchase 04/21645   371.1 LOR 2002 2024-21469 26/06/2024 Open Shelf 26/06/2024
    Other/Generic Classification Scheme     MUST Main Library MUST Main Library 26/06/2024 Purchase 11/33552   371.1 LOR 2002 2024-21470 26/06/2024 Open Shelf 26/06/2024